000 00502nam a2200193 4500
003 OSt
005 20240620014510.0
006 a
008 240620b |||||||| |||| 00| 0 eng d
020 _a9781580087896
040 _aDWCL-Main lib.
_cOC
082 _aCirc. 641.5 P485c 2007
100 _aPeterson, James
245 _aCooking /
260 _aCalifornia :
_bTen Speed Press,
_cc2007.
300 _axvii,
_b534 p. : col. ill. ;
_c28 cm.
650 _a1. Cookery.
942 _2ddc
_n0
_cBK-CIRC
_kCirc.
999 _c943
_d943